00377nam a2200157Ia 4500008004100000020001500041082001300056100001900069245003800088250000800126260002500134300000800159500002500167650001200192700001500204230524s9999 xx 000 0 und d a8176710199 a530bTIM aS.P.Timoshenko 0aElements of Strength of Materials a5TH aNEW DELHIbEWPc2003 a375 aQuantity Number: 41 aPhysics a D.H.Young